A long way from chicago / (Record no. 4465)
[ view plain ]
| 000 -LEADER | |
|---|---|
| fixed length control field | 00908nam a22002897a 4500 |
| 001 - CONTROL NUMBER | |
| control field | 4465 |
| 003 - CONTROL NUMBER IDENTIFIER | |
| control field | FISKH |
| 005 - DATE AND TIME OF LATEST TRANSACTION | |
| control field | 20240913123739.0 |
| 008 - FIXED-LENGTH DATA ELEMENTS--GENERAL INFORMATION | |
| fixed length control field | 240911b cb ||||| |||| 00| 0 eng d |
| 020 ## - INTERNATIONAL STANDARD BOOK NUMBER | |
| International Standard Book Number | 9780439240925 |
| 040 ## - CATALOGING SOURCE | |
| Original cataloging agency | FISKH |
| Language of cataloging | eng |
| Transcribing agency | FISKH |
| Modifying agency | FISKH |
| 050 ## - LIBRARY OF CONGRESS CALL NUMBER | |
| Classification number | PZ7.P338 |
| 082 ## - DEWEY DECIMAL CLASSIFICATION NUMBER | |
| Edition number | 813 |
| 100 ## - MAIN ENTRY--PERSONAL NAME | |
| Personal name | Peck, Richard |
| Dates associated with a name | (1934–2018) |
| 245 ## - TITLE STATEMENT | |
| Title | A long way from chicago / |
| Statement of responsibility, etc. | By Richard Peck A Novel in Stories |
| 250 ## - EDITION STATEMENT | |
| Edition statement | Published in 1998 |
| 260 ## - PUBLICATION, DISTRIBUTION, ETC. | |
| Place of publication, distribution, etc. | New York : |
| Name of publisher, distributor, etc. | Scholastic, |
| Date of publication, distribution, etc. | 1998. |
| 300 ## - PHYSICAL DESCRIPTION | |
| Extent | 150 pages : |
| Dimensions | 20 cm |
| 505 ## - FORMATTED CONTENTS NOTE | |
| Formatted contents note | R<br/> |
| 520 ## - SUMMARY, ETC. | |
| Summary, etc. | A boy recounts his annual summer trips to rural Illinois with his sister during the Great Depression to visit their larger-than-life grandmother. |
| 521 8# - TARGET AUDIENCE NOTE | |
| Target audience note | 750L<br/> |
| Source | Lexile<br/><br/> |
| 521 8# - TARGET AUDIENCE NOTE | |
| Target audience note | R<br/><br/> |
| Source | Raz-Plus<br/> |
| 650 ## - SUBJECT ADDED ENTRY--TOPICAL TERM | |
| Source of heading or term | Great Depression |
| Topical term or geographic name entry element | Young adult |
| 650 ## - SUBJECT ADDED ENTRY--TOPICAL TERM | |
| Source of heading or term | Newbery Honor |
| Topical term or geographic name entry element | Funny |
| 942 ## - ADDED ENTRY ELEMENTS (KOHA) | |
| Source of classification or shelving scheme | Dewey Decimal Classification |
| Koha item type | Books |
| Suppress in OPAC | No |
| Withdrawn status | Lost status | Source of classification or shelving scheme | Damaged status | Not for loan | Collection | Home library | Current library | Shelving location | Date acquired | Total Checkouts | Full call number | Barcode | Date last seen | Copy number | Price effective from | Koha item type |
|---|---|---|---|---|---|---|---|---|---|---|---|---|---|---|---|---|
| Dewey Decimal Classification | Fiction | Footprints International School Library Network Toul Kork Campus | Footprints International School Library Network Toul Kork Campus | 09/11/2024 | PEC 813 PZ7.P338 | 2024-1914 | 09/11/2024 | 1 | 09/11/2024 | Books | ||||||
| Dewey Decimal Classification | Fiction | Footprints International School Library Network Toul Kork Campus | Footprints International School Library Network Toul Kork Campus | 09/13/2024 | PEC 813 PZ7.P338 | 2024-1959 | 09/13/2024 | 2 | 09/13/2024 | Books |
